=LDR 00000nam 2200000 4500 =001 INLIS000000000035134 =005 20130612141019 =008 ***********************************Ind** =035 ##$$0010-061300000035134 =041 ##$$a Ind =082 ##$$a 371.83 =090 ##$$a 371.83 , Sid K =100 ##$$a Sidiq =245 ##$$a Kammi dan Pergulanat Reformasi, oleh Sidiq Mahfudz =260 ##$$a 2003 $b Pajang =300 ##$$a 321 hlm, 25 cm =650 ##$$a Perkumpulan Mahasiswa =850 ##$$a NBPNMAT